[Event "European zonal 3 final"]
[Site "Warsaw POL"]
[Date "1979.01.??"]
[Round "1"]
[White "Ghinda, Mihail Viorel"]
[Black "Gheorghiu, Florin"]
[Result "1/2-1/2"]
[WhiteElo "2455"]
[BlackElo "2540"]
[EventDate "1979.01.06"]
[PlyCount "37"]

1.d4 Nf6 2.c4 e6 3.Nf3 b6 4.g3 Bb7 5.Bg2 Be7 6.O-O O-O 7.Nc3 Ne4 8.Qc2 
Nxc3 9.Qxc3 Be4 10.b3 d6 11.Bb2 Nd7 12.Rad1 c6 13.Nd2 Bxg2 14.Kxg2 d5 15.
e4 Nf6 16.Rfe1 Qc8 17.Qf3 Bb4 18.Bc3 Bxc3 19.Qxc3 1/2-1/2

[Event "European zonal 3 final"]
[Site "Warsaw POL"]
[Date "1979.01.??"]
[Round "2"]
[White "Sznapik, Aleksander"]
[Black "Ghinda, Mihail Viorel"]
[Result "1/2-1/2"]
[WhiteElo "2435"]
[BlackElo "2455"]
[EventDate "1979.01.06"]
[PlyCount "27"]

1.c4 g6 2.Nc3 Bg7 3.g3 Nf6 4.Bg2 O-O 5.Nf3 c5 6.O-O Nc6 7.d4 d6 8.dxc5 
dxc5 9.Bf4 Nh5 10.Bd2 Nd4 11.e3 Nxf3+ 12.Bxf3 Bh3 13.Re1 Nf6 14.Qe2 
1/2-1/2

[Event "European zonal 3 final"]
[Site "Warsaw POL"]
[Date "1979.01.??"]
[Round "3"]
[White "Ghinda, Mihail Viorel"]
[Black "Sax, Gyula"]
[Result "1/2-1/2"]
[WhiteElo "2455"]
[BlackElo "2590"]
[EventDate "1979.01.06"]
[PlyCount "30"]

1.d4 Nf6 2.c4 g6 3.Nc3 d5 4.Bf4 Bg7 5.e3 O-O 6.Qb3 c6 7.Nf3 Qa5 8.Nd2 Nbd7
9.Be2 Nh5 10.Bxh5 dxc4 11.Nxc4 Qxh5 12.O-O e5 13.Bg3 exd4 14.exd4 Bxd4 15.
Rad1 Nc5 1/2-1/2

[Event "European zonal 3 final"]
[Site "Warsaw POL"]
[Date "1979.01.??"]
[Round "3"]
[White "Prandstetter, Eduard"]
[Black "Gheorghiu, Florin"]
[Result "0-1"]
[WhiteElo "2385"]
[BlackElo "2540"]
[EventDate "1979.01.06"]
[PlyCount "84"]

1.e4 c5 2.Nf3 d6 3.d4 cxd4 4.Nxd4 Nf6 5.Nc3 a6 6.Be3 e6 7.f4 b5 8.a3 Bb7 
9.Bd3 Nbd7 10.O-O g6 11.Qf3 Bg7 12.Rad1 O-O 13.Nde2 Rc8 14.g4 Nc5 15.Bd4 
h6 16.Ng3 Ncd7 17.Be2 e5 18.Be3 exf4 19.Bxf4 Ne8 20.Qe3 Qb6 21.Qxb6 Nxb6 
22.Bxd6 Nxd6 23.Rxd6 Be5 24.Rdd1 Bxc3 25.bxc3 Rxc3 26.Rf6 Nc4 27.a4 Nb2 
28.Rdf1 Nxa4 29.Bd3 Rc6 30.e5 Nc5 31.Rxc6 Bxc6 32.Rf6 Rc8 33.e6 Nxe6 34.
Bxg6 fxg6 35.Rxe6 Kf7 36.Rd6 a5 37.Ne2 a4 38.Nd4 Be8 39.Rb6 a3 40.Kf2 a2 
41.Ra6 Rc4 42.c3 Ra4 0-1

[Event "European zonal 3 final"]
[Site "Warsaw POL"]
[Date "1979.01.??"]
[Round "3"]
[White "Smejkal, Jan"]
[Black "Sznapik, Aleksander"]
[Result "1/2-1/2"]
[WhiteElo "2550"]
[BlackElo "2435"]
[EventDate "1979.01.06"]
[PlyCount "110"]

1.Nf3 Nf6 2.c4 g6 3.d4 Bg7 4.g3 O-O 5.Bg2 d6 6.O-O Bg4 7.Nc3 Qc8 8.Re1 c5 
9.d5 Na6 10.e4 Nc7 11.a4 a6 12.a5 Rb8 13.Qc2 b5 14.axb6 Rxb6 15.Na4 Rb8 
16.e5 Nd7 17.exd6 exd6 18.Bf4 Ne8 19.Ra3 Nb6 20.b3 Nxa4 21.Rxa4 Rb6 22.Bd2
Nf6 23.Ba5 Rb8 24.Bc3 Re8 25.Rea1 Rb6 26.Nd2 Bh3 27.Qb2 Bxg2 28.Bxf6 Bxf6 
29.Qxf6 Bh3 30.f3 Bf5 31.Rf1 Bd3 32.Rf2 Re1+ 33.Kg2 Qe8 34.Ra2 Re2 35.Ne4 
Rxa2 36.Rxa2 Bxe4 37.Re2 Bxf3+ 38.Qxf3 Qf8 39.Re3 Rb8 40.Qf6 Rb7 41.h4 h6 
42.g4 Rd7 43.h5 g5 44.Kf3 a5 45.Ke2 Ra7 46.Kd3 a4 47.bxa4 Rxa4 48.Re7 Ra3+
49.Ke2 Ra2+ 50.Ke3 Ra3+ 51.Ke2 Ra8 52.Rd7 Qe8+ 53.Re7 Qf8 54.Rd7 Qe8+ 55.
Re7 Qf8 1/2-1/2

[Event "European zonal 3 final"]
[Site "Warsaw POL"]
[Date "1979.01.??"]
[Round "4"]
[White "Ribli, Zoltan"]
[Black "Gheorghiu, Florin"]
[Result "1/2-1/2"]
[WhiteElo "2595"]
[BlackElo "2540"]
[EventDate "1979.01.06"]
[PlyCount "117"]

1.c4 c5 2.Nf3 Nf6 3.Nc3 e6 4.e3 Nc6 5.d4 d5 6.cxd5 Nxd5 7.Bd3 cxd4 8.exd4 
Be7 9.O-O O-O 10.Re1 Nf6 11.a3 b6 12.Bc2 Bb7 13.Qd3 g6 14.Bh6 Re8 15.Rad1 
Rc8 16.h4 Nd5 17.Nxd5 Qxd5 18.Qd2 Qd6 19.Be4 Na5 20.Bxb7 Nxb7 21.Ng5 Na5 
22.d5 Qxd5 23.Qxd5 exd5 24.Rxd5 Nc6 25.b4 a6 26.Rc1 Red8 27.Rxd8+ Bxd8 28.
Ne4 f5 29.Nd6 Rc7 30.Ne8 Rc8 31.b5 axb5 32.Nd6 Rc7 33.Nxb5 Rc8 34.g3 Ne7 
35.Rd1 Nc6 36.Rd7 Be7 37.Kg2 Bc5 38.Nd6 Bxd6 39.Rxd6 b5 40.Rd7 b4 41.axb4 
Nxb4 42.h5 Nc6 43.hxg6 hxg6 44.Rg7+ Kh8 45.Rxg6 Ne5 46.Re6 Ng4 47.Bf4 Rc2 
48.Be5+ Kg8 49.Bd4 Rd2 50.Bb6 Kf7 51.Rc6 Rb2 52.Ba7 Ra2 53.Bd4 Rd2 54.Rc4 
Ke6 55.Ra4 Kd5 56.Ba7 Ne5 57.Be3 Rc2 58.Rd4+ Ke6 59.Rd1 1/2-1/2

[Event "European zonal 3 final"]
[Site "Warsaw POL"]
[Date "1979.01.??"]
[Round "4"]
[White "Sax, Gyula"]
[Black "Smejkal, Jan"]
[Result "1/2-1/2"]
[WhiteElo "2590"]
[BlackElo "2550"]
[EventDate "1979.01.06"]
[PlyCount "20"]

1.e4 e5 2.Nc3 Nc6 3.Nf3 Nf6 4.d4 exd4 5.Nxd4 Bb4 6.Nxc6 bxc6 7.Bd3 d5 8.
exd5 cxd5 9.O-O O-O 10.Bg5 c6 1/2-1/2

[Event "European zonal 3 final"]
[Site "Warsaw POL"]
[Date "1979.01.??"]
[Round "5"]
[White "Gheorghiu, Florin"]
[Black "Sznapik, Aleksander"]
[Result "1/2-1/2"]
[WhiteElo "2540"]
[BlackElo "2435"]
[EventDate "1979.01.06"]
[PlyCount "66"]

1.d4 Nf6 2.c4 g6 3.Nc3 Bg7 4.e4 d6 5.f3 O-O 6.Be3 e5 7.d5 c6 8.Bd3 cxd5 9.
cxd5 Ne8 10.Qd2 f5 11.exf5 gxf5 12.Nge2 Nd7 13.O-O Ndf6 14.Rac1 Qe7 15.Bg5
Qf7 16.Ng3 f4 17.Nge4 Kh8 18.Bb5 Bd7 19.Bxd7 Qxd7 20.Qd3 Nxe4 21.Nxe4 Bf6 
22.Rf2 Bd8 23.Bxd8 Qxd8 24.Rfc2 Rg8 25.Qb5 Qe7 26.Rc8 Rxc8 27.Rxc8 Qg7 28.
Qe2 Qd7 29.Rc2 Qe7 30.Rc8 Qd7 31.Rc2 Qd8 32.Qb5 Qh4 33.Re2 Qe7 1/2-1/2

[Event "European zonal 3 final"]
[Site "Warsaw POL"]
[Date "1979.01.??"]
[Round "5"]
[White "Ghinda, Mihail Viorel"]
[Black "Ribli, Zoltan"]
[Result "0-1"]
[WhiteElo "2455"]
[BlackElo "2595"]
[EventDate "1979.01.06"]
[PlyCount "58"]

1.e4 c5 2.Nc3 d6 3.f4 g6 4.d4 cxd4 5.Qxd4 Nf6 6.e5 Nc6 7.Bb5 dxe5 8.Qxd8+ 
Kxd8 9.fxe5 Nxe5 10.Bf4 Ned7 11.O-O-O a6 12.Bc4 e6 13.Nf3 b5 14.Bb3 Bb7 
15.Ng5 Ke8 16.Rhe1 Nc5 17.Be5 Be7 18.Rf1 Ng4 19.Nxf7 Nxe5 20.Nxe5 Bxg2 21.
Rf2 Bh3 22.Ne2 Rf8 23.Rxf8+ Bxf8 24.Nd3 Rd8 25.Ng3 Bg4 26.Rf1 Nxd3+ 27.
cxd3 Rxd3 28.Ne4 Bf5 29.Ng3 Bh6+ 0-1

[Event "European zonal 3 final"]
[Site "Warsaw POL"]
[Date "1979.01.??"]
[Round "5"]
[White "Prandstetter, Eduard"]
[Black "Sax, Gyula"]
[Result "1/2-1/2"]
[WhiteElo "2385"]
[BlackElo "2590"]
[EventDate "1979.01.06"]
[PlyCount "26"]

1.e4 c5 2.Nf3 d6 3.d4 cxd4 4.Qxd4 a6 5.c4 Nc6 6.Qd2 g6 7.b3 Bg7 8.Bb2 Nf6 
9.Nc3 O-O 10.Be2 Qa5 11.Rb1 Bg4 12.Nd5 Qxd2+ 13.Nxd2 Nxd5 1/2-1/2

[Event "European zonal 3 final"]
[Site "Warsaw POL"]
[Date "1979.01.??"]
[Round "6"]
[White "Ghinda, Mihail Viorel"]
[Black "Smejkal, Jan"]
[Result "1/2-1/2"]
[WhiteElo "2455"]
[BlackElo "2550"]
[EventDate "1979.01.06"]
[PlyCount "37"]

1.e4 e5 2.Nf3 Nc6 3.Bb5 a6 4.Ba4 Nf6 5.O-O Be7 6.Re1 b5 7.Bb3 d6 8.c3 O-O 
9.h3 Na5 10.Bc2 c5 11.d4 Qc7 12.Nbd2 cxd4 13.cxd4 Nc6 14.Nb3 a5 15.Be3 a4 
16.Nbd2 Nb4 17.Bb1 Bd7 18.a3 Nc6 19.Ba2 1/2-1/2

[Event "European zonal 3 final"]
[Site "Warsaw POL"]
[Date "1979.01.??"]
[Round "6"]
[White "Sax, Gyula"]
[Black "Gheorghiu, Florin"]
[Result "1/2-1/2"]
[WhiteElo "2590"]
[BlackElo "2540"]
[EventDate "1979.01.06"]
[PlyCount "24"]

1.e4 c5 2.Ne2 e6 3.d4 cxd4 4.Nxd4 a6 5.Bd3 Nf6 6.O-O d6 7.c4 Be7 8.Nc3 O-O
9.Be3 Nc6 10.Rc1 Bd7 11.Re1 Nxd4 12.Bxd4 Bc6 1/2-1/2

[Event "European zonal 3 final"]
[Site "Warsaw POL"]
[Date "1979.01.??"]
[Round "7"]
[White "Prandstetter, Eduard"]
[Black "Ghinda, Mihail Viorel"]
[Result "1/2-1/2"]
[WhiteElo "2385"]
[BlackElo "2455"]
[EventDate "1979.01.06"]
[PlyCount "33"]

1.e4 Nf6 2.e5 Nd5 3.d4 d6 4.Nf3 dxe5 5.Nxe5 g6 6.Nd2 Bg7 7.Ndf3 O-O 8.Be2 
Nd7 9.Nxd7 Bxd7 10.O-O Bg4 11.c3 c6 12.h3 Bxf3 13.Bxf3 e6 14.Bd2 Qb6 15.
Qb3 Rfd8 16.Qxb6 axb6 17.a3 1/2-1/2

[Event "European zonal 3 final"]
[Site "Warsaw POL"]
[Date "1979.01.??"]
[Round "7"]
[White "Smejkal, Jan"]
[Black "Ribli, Zoltan"]
[Result "1/2-1/2"]
[WhiteElo "2550"]
[BlackElo "2595"]
[EventDate "1979.01.06"]
[PlyCount "23"]

1.d4 Nf6 2.c4 e6 3.Nf3 b6 4.g3 Bb7 5.Bg2 Be7 6.O-O O-O 7.Nc3 Ne4 8.Nxe4 
Bxe4 9.Ne1 Bxg2 10.Nxg2 d5 11.Qa4 Qe8 12.Qxe8 1/2-1/2

[Event "European zonal 3 final"]
[Site "Warsaw POL"]
[Date "1979.01.??"]
[Round "7"]
[White "Sznapik, Aleksander"]
[Black "Sax, Gyula"]
[Result "1/2-1/2"]
[WhiteElo "2435"]
[BlackElo "2590"]
[EventDate "1979.01.06"]
[PlyCount "29"]

1.e4 e5 2.Nf3 Nc6 3.Bb5 a6 4.Ba4 Nf6 5.O-O Be7 6.Re1 b5 7.Bb3 O-O 8.h3 Bb7
9.d3 d6 10.c3 Nb8 11.Nbd2 Nbd7 12.Nf1 Nc5 13.Bc2 Re8 14.Ng3 Bf8 15.b4 
1/2-1/2

[Event "European zonal 3 group A"]
[Site "Warsaw POL"]
[Date "1979.01.??"]
[Round "1"]
[White "Jansa, Vlastimil"]
[Black "Prandstetter, Eduard"]
[Result "0-1"]
[WhiteElo "2495"]
[BlackElo "2385"]
[EventDate "1979.01.06"]
[PlyCount "120"]

1.e4 e6 2.d4 d5 3.Nd2 Nf6 4.e5 Nfd7 5.c3 c5 6.Bd3 Nc6 7.Ne2 Qb6 8.Nf3 cxd4
9.cxd4 f6 10.exf6 Nxf6 11.O-O Bd6 12.Nc3 O-O 13.Re1 Bd7 14.Be3 Qd8 15.Bg5 
Qb8 16.Bh4 h6 17.a3 Ng4 18.Bg3 Bxg3 19.fxg3 a6 20.Bc2 b5 21.Qd3 Rf5 22.h3 
Nf6 23.Nh4 Rg5 24.g4 b4 25.Rf1 Qa7 26.Ne2 e5 27.Bb3 Nxd4 28.Nxd4 Bb5 29.
Qe3 Bxf1 30.Ndf5 Bc4 31.Bxc4 dxc4 32.Nf3 Rxf5 33.Qxa7 Rxa7 34.gxf5 e4 35.
Ne5 c3 36.axb4 Re7 37.Nc4 Rc7 38.b3 Rb7 39.Rc1 Nd5 40.Kf2 Rxb4 41.Ne3 Nxe3
42.Kxe3 Rxb3 43.Kxe4 Kf7 44.g4 a5 45.Kd3 a4 46.Ra1 a3 47.Kc2 Rb2+ 48.Kxc3 
Rh2 49.Kd4 Rxh3 50.Rc1 a2 51.Rc7+ Kf6 52.Ra7 Rg3 53.Ra6+ Kg5 54.Rxa2 Rxg4+
55.Ke5 Rg1 56.Re2 h5 57.Ke6 h4 58.Re5 Kf4 59.f6 Rg6 60.Rf5+ Kg4 0-1

[Event "European zonal 3 group A"]
[Site "Warsaw POL"]
[Date "1979.01.??"]
[Round "1"]
[White "Lengyel, Levente"]
[Black "Gheorghiu, Florin"]
[Result "1/2-1/2"]
[WhiteElo "2455"]
[BlackElo "2540"]
[EventDate "1979.01.06"]
[PlyCount "27"]

1.Nf3 c5 2.c4 Nf6 3.g3 b6 4.Bg2 Bb7 5.O-O e6 6.b3 Be7 7.Bb2 O-O 8.Nc3 d5 
9.e3 dxc4 10.bxc4 Nc6 11.Qe2 Qc7 12.Rfd1 a6 13.Rab1 Na7 14.Ba1 1/2-1/2

[Event "European zonal 3 group A"]
[Site "Warsaw POL"]
[Date "1979.01.??"]
[Round "1"]
[White "Radulov, Ivan"]
[Black "Inkiov, Ventzislav"]
[Result "1-0"]
[WhiteElo "2485"]
[BlackElo "2460"]
[EventDate "1979.01.06"]
[PlyCount "93"]

1.e4 c5 2.Nf3 Nc6 3.d4 cxd4 4.Nxd4 Nf6 5.Nc3 e6 6.Bg5 Bb4 7.Nb5 Qa5 8.Bxf6
gxf6 9.a3 Bxc3+ 10.Nxc3 Qb6 11.Rb1 a6 12.Bd3 d6 13.O-O Bd7 14.Qd2 h5 15.
Kh1 Ne5 16.Nd1 O-O-O 17.Ne3 Bc6 18.b4 d5 19.b5 dxe4 20.bxc6 Qxc6 21.f4 Ng4
22.Rb4 Nxe3 23.Qxe3 exd3 24.cxd3 Kb8 25.Rfb1 Rhg8 26.Rxb7+ Qxb7 27.Rxb7+ 
Kxb7 28.f5 e5 29.Qf3+ Kb6 30.Qxh5 Rxd3 31.h4 Rd7 32.Qh6 Rd1+ 33.Kh2 Rd6 
34.Qe3+ Rd4 35.h5 Kc7 36.h6 Rh8 37.Kh3 Kd7 38.g4 a5 39.Kh4 Ke7 40.Kh5 Kf8 
41.g5 fxg5 42.Kxg5 Rd1 43.f6 Rf1 44.Qc5+ Kg8 45.Qc8+ Kh7 46.Qc2+ Kg8 47.
h7+ 1-0

[Event "European zonal 3 group A"]
[Site "Warsaw POL"]
[Date "1979.01.??"]
[Round "1"]
[White "Sznapik, Aleksander"]
[Black "Skrobek, Ryszard"]
[Result "1-0"]
[WhiteElo "2435"]
[BlackElo "2370"]
[EventDate "1979.01.06"]
[PlyCount "99"]

1.c4 e6 2.Nc3 b6 3.Nf3 Bb7 4.g3 Nf6 5.Bg2 Be7 6.O-O c5 7.d4 cxd4 8.Qxd4 d6
9.b3 O-O 10.Bb2 Nbd7 11.e4 a6 12.Rfe1 Qc7 13.Qd2 Rfe8 14.Nd4 Bf8 15.Rad1 
Rad8 16.h3 g6 17.Kh2 Qb8 18.Qe2 Bg7 19.Qc2 Qa8 20.Nde2 Nc5 21.f3 d5 22.e5 
Nfd7 23.cxd5 Nxe5 24.f4 Ned3 25.Rxd3 Nxd3 26.Qxd3 exd5 27.Rg1 d4 28.Nd1 
Be4 29.Bxe4 Rxe4 30.Rg2 b5 31.Nc1 Qd5 32.Qd2 Qf5 33.Nd3 Re3 34.Ne5 Re4 35.
Nf2 Re3 36.Bxd4 Re4 37.Nxe4 Qxe4 38.Qc2 Qxd4 39.Nc6 Qd7 40.Nxd8 Qxd8 41.
Rd2 Qe8 42.Qd3 Bf6 43.Re2 Qc8 44.Qd6 Kg7 45.Qd5 Qc3 46.Qe4 a5 47.h4 h6 48.
Rc2 Qa1 49.Qd5 Bd4 50.Qh1 1-0

[Event "European zonal 3 group A"]
[Site "Warsaw POL"]
[Date "1979.01.??"]
[Round "2"]
[White "Gheorghiu, Florin"]
[Black "Radulov, Ivan"]
[Result "1/2-1/2"]
[WhiteElo "2540"]
[BlackElo "2485"]
[EventDate "1979.01.06"]
[PlyCount "29"]

1.c4 g6 2.d4 c5 3.d5 e5 4.e4 d6 5.Nc3 Bg7 6.Be2 f5 7.exf5 gxf5 8.Bh5+ Kf8 
9.Nf3 Bf6 10.h4 h6 11.g4 e4 12.Nd2 Bxc3 13.bxc3 Nd7 14.gxf5 Ngf6 15.Nf1 
1/2-1/2

[Event "European zonal 3 group A"]
[Site "Warsaw POL"]
[Date "1979.01.??"]
[Round "2"]
[White "Inkiov, Ventzislav"]
[Black "Sznapik, Aleksander"]
[Result "1/2-1/2"]
[WhiteElo "2460"]
[BlackElo "2435"]
[EventDate "1979.01.06"]
[PlyCount "75"]

1.e4 g6 2.d4 Bg7 3.Nc3 d6 4.f4 Nf6 5.Nf3 O-O 6.e5 dxe5 7.fxe5 Nd5 8.Bc4 
Nb6 9.Bb3 Bg4 10.O-O Nc6 11.Be3 Na5 12.h3 Nbc4 13.Qe2 Nxe3 14.Qxe3 Nxb3 
15.axb3 Bf5 16.Rf2 c6 17.Raf1 Qd7 18.g4 Be6 19.Ne4 b6 20.Neg5 Bh6 21.c4 
Rae8 22.Qe4 f5 23.gxf5 Bxf5 24.e6 Qc7 25.Qh4 Kg7 26.Nf7 Qf4 27.Nxh6 Qxh6 
28.Qxh6+ Kxh6 29.Ne5 Rc8 30.d5 cxd5 31.cxd5 Kg7 32.Kh2 Rc5 33.Nd7 Rxd5 34.
Nxf8 Kxf8 35.Rc1 Rd3 36.Rc3 Rd6 37.Rc8+ Kg7 38.Rc7 1/2-1/2

[Event "European zonal 3 group A"]
[Site "Warsaw POL"]
[Date "1979.01.??"]
[Round "2"]
[White "Portisch, Ferenc"]
[Black "Lengyel, Levente"]
[Result "1/2-1/2"]
[WhiteElo "2475"]
[BlackElo "2455"]
[EventDate "1979.01.06"]
[PlyCount "30"]

1.d4 c6 2.c4 d5 3.Nf3 Nf6 4.Nc3 e6 5.Bg5 Nbd7 6.e3 Be7 7.Rc1 O-O 8.Bd3 
dxc4 9.Bxc4 Nd5 10.Bxe7 Qxe7 11.O-O Nxc3 12.Rxc3 e5 13.dxe5 Nxe5 14.Nxe5 
Qxe5 15.Qb3 Qe7 1/2-1/2

[Event "European zonal 3 group A"]
[Site "Warsaw POL"]
[Date "1979.01.??"]
[Round "2"]
[White "Ribli, Zoltan"]
[Black "Prandstetter, Eduard"]
[Result "1-0"]
[WhiteElo "2595"]
[BlackElo "2385"]
[EventDate "1979.01.06"]
[PlyCount "85"]

1.Nf3 d5 2.d4 Nf6 3.c4 e6 4.g3 dxc4 5.Bg2 c5 6.O-O Nc6 7.Qa4 Bd7 8.Qxc4 
cxd4 9.Nxd4 Rc8 10.Nc3 Qb6 11.Nxc6 Bxc6 12.Be3 Qb4 13.Qxb4 Bxb4 14.Bxa7 
Bxg2 15.Kxg2 Bxc3 16.bxc3 Rxc3 17.Rfb1 Rc7 18.Rb2 Nd7 19.Rab1 b6 20.Bxb6 
Nxb6 21.Rxb6 O-O 22.a4 Ra7 23.R1b4 g6 24.Kf3 Kg7 25.Rb7 Rxb7 26.Rxb7 Ra8 
27.Rb4 h5 28.Ke3 Kf6 29.Kd4 Ke7 30.Kc5 Rc8+ 31.Kb5 Rb8+ 32.Kc4 Rc8+ 33.Kb3
Rc1 34.a5 Rb1+ 35.Kc4 Ra1 36.Kb5 Kd7 37.a6 Kc7 38.Ra4 Rb1+ 39.Kc5 Rc1+ 40.
Kd4 Kb8 41.Rb4+ Ka8 42.Rb7 f6 43.Rb6 1-0

[Event "European zonal 3 group A"]
[Site "Warsaw POL"]
[Date "1979.01.??"]
[Round "3"]
[White "Jansa, Vlastimil"]
[Black "Inkiov, Ventzislav"]
[Result "1/2-1/2"]
[WhiteElo "2495"]
[BlackElo "2460"]
[EventDate "1979.01.06"]
[PlyCount "78"]

1.e4 c5 2.Nf3 Nc6 3.d4 cxd4 4.Nxd4 Nf6 5.Nc3 e6 6.g3 d5 7.Bg2 Bb4 8.exd5 
Nxd5 9.O-O Nxc3 10.bxc3 Bxc3 11.Nxc6 Qxd1 12.Rxd1 Bd7 13.Rb1 Bxc6 14.Bxc6+
bxc6 15.Ba3 a5 16.Rb3 Bb4 17.Bxb4 axb4 18.Rxb4 O-O 19.a4 g6 20.Rd7 c5 21.
Rc4 Ra5 22.Re7 Ra6 23.Rc7 Rfa8 24.Rf4 f5 25.Rxc5 Rxa4 26.Rxa4 Rxa4 27.Rc7 
e5 28.Kf1 Re4 29.h4 h5 30.c4 Kf8 31.c5 Ke8 32.Rg7 Rg4 33.Kg2 f4 34.c6 Kd8 
35.Rd7+ Kc8 36.Re7 fxg3 37.fxg3 e4 38.Kf2 Kd8 39.Rd7+ Kc8 1/2-1/2

[Event "European zonal 3 group A"]
[Site "Warsaw POL"]
[Date "1979.01.??"]
[Round "3"]
[White "Lengyel, Levente"]
[Black "Ribli, Zoltan"]
[Result "1/2-1/2"]
[WhiteElo "2455"]
[BlackElo "2595"]
[EventDate "1979.01.06"]
[PlyCount "25"]

1.Nf3 d5 2.d4 Nf6 3.c4 dxc4 4.e3 Bg4 5.Bxc4 e6 6.h3 Bh5 7.Nc3 a6 8.O-O c5 
9.dxc5 Nc6 10.a3 Bxc5 11.b4 Ba7 12.Be2 O-O 13.Bb2 1/2-1/2

[Event "European zonal 3 group A"]
[Site "Warsaw POL"]
[Date "1979.01.??"]
[Round "3"]
[White "Prandstetter, Eduard"]
[Black "Skrobek, Ryszard"]
[Result "1-0"]
[WhiteElo "2385"]
[BlackElo "2370"]
[EventDate "1979.01.06"]
[PlyCount "105"]

1.e4 c5 2.Nf3 d6 3.d4 Nf6 4.Nc3 cxd4 5.Nxd4 Nbd7 6.Be3 a6 7.a4 b6 8.f3 Bb7
9.Bc4 e6 10.Ba2 Rc8 11.Qe2 Qc7 12.g4 Ne5 13.g5 Nfd7 14.Bf2 Be7 15.Rg1 O-O 
16.f4 Nc4 17.f5 e5 18.Ndb5 axb5 19.Nxb5 Qc6 20.f6 Nxb2 21.fxe7 Rfe8 22.Bd5
Qxc2 23.Bxb7 Nd3+ 24.Kf1 Qc1+ 25.Rxc1 Rxc1+ 26.Be1 N7c5 27.Bd5 Rxe7 28.Rg3
Rxe1+ 29.Qxe1 Nxe1 30.Kxe1 Rd7 31.Rf3 Kf8 32.Rh3 Kg8 33.Ra3 g6 34.a5 bxa5 
35.Rxa5 Ne6 36.Bxe6 fxe6 37.Ra6 d5 38.Rxe6 dxe4 39.Nd6 Kg7 40.Nxe4 h6 41.
h4 hxg5 42.hxg5 Rd5 43.Ke2 Kf7 44.Rf6+ Kg7 45.Rc6 Kf7 46.Rc5 Ke6 47.Rxd5 
Kxd5 48.Kd3 Ke6 49.Ng3 Kd5 50.Ke3 e4 51.Nxe4 Ke5 52.Ng3 Kd5 53.Kf4 1-0

[Event "European zonal 3 group A"]
[Site "Warsaw POL"]
[Date "1979.01.??"]
[Round "3"]
[White "Radulov, Ivan"]
[Black "Portisch, Ferenc"]
[Result "1/2-1/2"]
[WhiteElo "2485"]
[BlackElo "2475"]
[EventDate "1979.01.06"]
[PlyCount "27"]

1.e4 e6 2.d4 d5 3.Nd2 c5 4.Ngf3 Nc6 5.exd5 exd5 6.Bb5 Bd6 7.dxc5 Bxc5 8.
Nb3 Bd6 9.O-O Ne7 10.Nbd4 O-O 11.Be3 Bg4 12.Qd2 Rc8 13.c3 Na5 14.h3 
1/2-1/2

[Event "European zonal 3 group A"]
[Site "Warsaw POL"]
[Date "1979.01.??"]
[Round "3"]
[White "Sznapik, Aleksander"]
[Black "Gheorghiu, Florin"]
[Result "1/2-1/2"]
[WhiteElo "2435"]
[BlackElo "2540"]
[EventDate "1979.01.06"]
[PlyCount "41"]

1.e4 c5 2.Nf3 e6 3.c3 d5 4.exd5 Qxd5 5.d4 Nf6 6.Bd3 cxd4 7.cxd4 Nc6 8.O-O 
Be7 9.Nc3 Qd8 10.Bg5 O-O 11.Re1 b6 12.a3 Bb7 13.Bc2 Rc8 14.Qd3 g6 15.Bh6 
Re8 16.Rad1 Nd5 17.Nxd5 Qxd5 18.Qd2 Bf6 19.Qf4 Bg7 20.Be4 Qd8 21.Bxg7 
1/2-1/2

[Event "European zonal 3 group A"]
[Site "Warsaw POL"]
[Date "1979.01.??"]
[Round "4"]
[White "Gheorghiu, Florin"]
[Black "Jansa, Vlastimil"]
[Result "1-0"]
[WhiteElo "2540"]
[BlackElo "2495"]
[EventDate "1979.01.06"]
[PlyCount "76"]

1.d4 Nf6 2.c4 g6 3.f3 d5 4.cxd5 Nxd5 5.e4 Nb6 6.Nc3 Bg7 7.Be3 O-O 8.f4 Nc6
9.d5 Na5 10.Bd4 Bg4 11.Qd3 e5 12.fxe5 Nac4 13.Qg3 Qg5 14.Nf3 Qh5 15.O-O-O 
c5 16.Bxc5 Rfc8 17.Bd4 Nxe5 18.Be2 Nbc4 19.Kb1 b5 20.h3 Nxf3 21.gxf3 Bxd4 
22.Rxd4 Bd7 23.Bxc4 bxc4 24.h4 Rab8 25.Rf1 Qh6 26.f4 Qf8 27.d6 Bc6 28.f5 
Qd8 29.Qf2 Qd7 30.h5 Re8 31.Qg2 Kg7 32.Qd2 h6 33.hxg6 fxg6 34.fxg6 Rf8 35.
Rh1 h5 36.Rxh5 Rf1+ 37.Nd1 Rh8 38.Rxh8 Kxh8 1-0

[Event "European zonal 3 group A"]
[Site "Warsaw POL"]
[Date "1979.01.??"]
[Round "4"]
[White "Inkiov, Ventzislav"]
[Black "Prandstetter, Eduard"]
[Result "1/2-1/2"]
[WhiteElo "2460"]
[BlackElo "2385"]
[EventDate "1979.01.06"]
[PlyCount "104"]

1.d4 d5 2.c4 e6 3.Nf3 Nf6 4.g3 dxc4 5.Bg2 Be7 6.O-O O-O 7.Ne5 Nc6 8.Nxc6 
bxc6 9.Na3 Bxa3 10.bxa3 Nd5 11.Qa4 Nb6 12.Qxc6 Rb8 13.Qc5 Ba6 14.Bf4 Nd5 
15.Bxd5 Qxd5 16.Qxa7 Bb7 17.f3 Ra8 18.Qc5 Qxc5 19.dxc5 Rfc8 20.Rfc1 Ba6 
21.Rab1 f6 22.Rb4 e5 23.Be3 Kf7 24.Kf2 Ke6 25.a4 Rd8 26.a3 Rd5 27.Ke1 Rdd8
28.Rcb1 Rd5 29.h4 Rdd8 30.R1b2 Rac8 31.a5 Ra8 32.a4 Rac8 33.Rd2 Rxd2 34.
Kxd2 Kd5 35.Kc3 Kc6 36.Rb1 Ra8 37.h5 Bc8 38.Rb5 Ba6 39.Rb2 Rd8 40.h6 gxh6 
41.Bxh6 Rd1 42.Bg7 Rc1+ 43.Rc2 Rb1 44.Bxf6 Rb3+ 45.Kd2 c3+ 46.Rxc3 Rxc3 
47.Kxc3 Bxe2 48.f4 exf4 49.gxf4 Kxc5 50.Be5 Kc6 51.f5 Kb7 52.f6 Bh5 
1/2-1/2

[Event "European zonal 3 group A"]
[Site "Warsaw POL"]
[Date "1979.01.??"]
[Round "4"]
[White "Lengyel, Levente"]
[Black "Radulov, Ivan"]
[Result "1/2-1/2"]
[WhiteElo "2455"]
[BlackElo "2485"]
[EventDate "1979.01.06"]
[PlyCount "35"]

1.d4 Nf6 2.c4 e6 3.Nc3 d5 4.Bg5 Be7 5.e3 O-O 6.Nf3 Nbd7 7.Rc1 c6 8.Bd3 h6 
9.Bh4 Ne8 10.Bxe7 Qxe7 11.O-O dxc4 12.Bxc4 Nd6 13.Bb3 e5 14.dxe5 Nxe5 15.
Nxe5 Qxe5 16.Qe2 Be6 17.Bxe6 Qxe6 18.Rfd1 1/2-1/2

[Event "European zonal 3 group A"]
[Site "Warsaw POL"]
[Date "1979.01.??"]
[Round "4"]
[White "Portisch, Ferenc"]
[Black "Sznapik, Aleksander"]
[Result "1-0"]
[WhiteElo "2475"]
[BlackElo "2435"]
[EventDate "1979.01.06"]
[PlyCount "81"]

1.d4 Nf6 2.c4 g6 3.Nc3 Bg7 4.e4 d6 5.Be2 O-O 6.Bg5 c5 7.d5 a6 8.a4 h6 9.
Bf4 Qa5 10.Bd2 e6 11.Nf3 e5 12.O-O Nh5 13.g3 Bh3 14.Re1 Qd8 15.a5 Nd7 16.
Kh1 Bg4 17.h3 Bxf3+ 18.Bxf3 Nhf6 19.h4 h5 20.Qe2 Kh7 21.Reb1 Bh6 22.Be1 
Rb8 23.Na4 g5 24.hxg5 Bxg5 25.Bxh5 Kg7 26.Kg2 Rh8 27.Bg4 Nf8 28.Nb6 Ng6 
29.Bc3 Rh4 30.Bf5 Nh5 31.Bxg6 Nf4+ 32.gxf4 Bxf4 33.Qf3 Qg5+ 34.Kf1 fxg6 
35.Ke2 Bh2 36.Bd2 Bf4 37.Rg1 Qh6 38.Rh1 Bxd2 39.Nd7 Bb4 40.Qf6+ Kg8 41.
Rxh4 1-0

[Event "European zonal 3 group A"]
[Site "Warsaw POL"]
[Date "1979.01.??"]
[Round "4"]
[White "Ribli, Zoltan"]
[Black "Skrobek, Ryszard"]
[Result "1-0"]
[WhiteElo "2595"]
[BlackElo "2370"]
[EventDate "1979.01.06"]
[PlyCount "59"]

1.Nf3 Nf6 2.g3 d6 3.d4 Nbd7 4.c4 e5 5.Nc3 c6 6.Bg2 e4 7.Nh4 d5 8.O-O Bb4 
9.Qb3 Bxc3 10.bxc3 Nb6 11.cxd5 cxd5 12.f3 exf3 13.Nxf3 O-O 14.Ne5 h6 15.a4
a5 16.Ba3 Re8 17.e4 Be6 18.Rab1 Ra6 19.Bc5 Nbd7 20.Qxb7 Nxc5 21.dxc5 Qc8 
22.exd5 Qxb7 23.Rxb7 Bxd5 24.Bxd5 Nxd5 25.Nxf7 Nxc3 26.Nd6 Re5 27.Nf5 Rxc5
28.Nxg7 Nxa4 29.Ne8 Rg5 30.Nf6+ 1-0

[Event "European zonal 3 group A"]
[Site "Warsaw POL"]
[Date "1979.01.??"]
[Round "5"]
[White "Jansa, Vlastimil"]
[Black "Portisch, Ferenc"]
[Result "1/2-1/2"]
[WhiteElo "2495"]
[BlackElo "2475"]
[EventDate "1979.01.06"]
[PlyCount "35"]

1.Nf3 Nf6 2.g3 g6 3.b3 Bg7 4.Bb2 d6 5.d4 c5 6.Bg2 Ne4 7.O-O Nc6 8.Nbd2 
Nxd2 9.Qxd2 Bg4 10.e3 O-O 11.c4 e5 12.dxe5 dxe5 13.Qc3 Qe7 14.Nd2 Rac8 15.
a3 Rfd8 16.Bd5 Be6 17.Bxe6 Qxe6 18.Rad1 1/2-1/2